000 00690cab a2200217 4500
001 WB3410-58
008 090401t1998 xxu||||| |||| 00| 0 eng d
035 _a(Sirsi) u84836
041 _aeng
245 _aCars disappear if roads closed
260 _c1998
350 _a0
490 _aIndependent
_v12 March 1998, 4(1)
520 _aA worldwide survey of 60 cities finds that the easiest way to cut traffic congestion is by closing roads. This could see up to a quarter of traffic `evaporate` from the highways.
650 _aCAR USE
650 _aROAD CLOSURES
650 _aTRAFFIC CONGESTION
690 _aTRANSPORT AND COMMUNICATIONS
942 _n0
948 _c12/03/1998
999 _c53346
_d53346